000 00655nam a2200205 a 4500
001 000042264
005 20201002040035.0
008 131121s1977 sp 000 p spa d
020 _a8401809533
040 _aDO-SdBNP
_bspa
_cBNPHU
082 _a861.08
_bB242p
100 1 _aBarcells, José María
_969296
245 1 0 _aPoemas del Destierro :
_bantología, siglos XVI-XX /
_cJosé María Barcells.
260 _aBarcelona, :
_bPlaza & Janes,
_c1977.
300 _a302 p. ;
_c19 cm.
500 _aSelecciones de poesía española
650 4 _aPoesía española
_9631
650 4 _aLiteratura española
_9632
910 _aValidado. Control de calidad MFF
999 _c41753
_d41753